City rules : (Record no. 12260)

000 -LEADER
fixed length control field 00946cam a22002654a 4500
003 - CONTROL NUMBER IDENTIFIER
control field OSt
005 - DATE AND TIME OF LATEST TRANSACTION
control field 20231120112103.0
008 - FIXED-LENGTH DATA ELEMENTS--GENERAL INFORMATION
fixed length control field 110624s2012 dcuab b 001 0 eng
010 ## - LIBRARY OF CONGRESS CONTROL NUMBER
LC control number 2011026670
020 ## - INTERNATIONAL STANDARD BOOK NUMBER
International Standard Book Number 9781597266918
040 ## - CATALOGING SOURCE
Original cataloging agency BMSCA
041 ## - LANGUAGE CODE
Language code of text/sound track or separate title Eng
082 00 - DEWEY DECIMAL CLASSIFICATION NUMBER
Classification number 307.12160
Edition number 23
Item number TAL
100 1# - MAIN ENTRY--PERSONAL NAME
Personal name Talen, Emily,
Dates associated with a name 1958-
245 10 - TITLE STATEMENT
Title City rules :
Remainder of title how regulations affect urban form /
Statement of responsibility, etc Emily Talen ; [foreword by Andrés Duany].
260 ## - PUBLICATION, DISTRIBUTION, ETC. (IMPRINT)
Place of publication, distribution, etc Washington, DC :
Name of publisher, distributor, etc Island Press,
Date of publication, distribution, etc c2012.
300 ## - PHYSICAL DESCRIPTION
Extent xiii, 236 p. :
Other physical details ill. (chiefly col.), maps (chiefly col.) ;
Dimensions 26 cm.
504 ## - BIBLIOGRAPHY, ETC. NOTE
Bibliography, etc Includes bibliographical references and index.
505 0# - FORMATTED CONTENTS NOTE
Formatted contents note Introduction -- Regulating place -- Pattern -- Use -- Form -- Reform -- Conclusion.
650 #0 - SUBJECT ADDED ENTRY--TOPICAL TERM
Topical term or geographic name as entry element City planning
Geographic subdivision United States.
650 #0 - SUBJECT ADDED ENTRY--TOPICAL TERM
Topical term or geographic name as entry element City planning and redevelopment law
Geographic subdivision United States.
650 #0 - SUBJECT ADDED ENTRY--TOPICAL TERM
Topical term or geographic name as entry element Zoning law
Geographic subdivision United States.
700 1# - ADDED ENTRY--PERSONAL NAME
Personal name Duany, Andres.
942 ## - ADDED ENTRY ELEMENTS (KOHA)
Source of classification or shelving scheme
Holdings
Withdrawn status Lost status Source of classification or shelving scheme Damaged status Koha normalized classification for sorting Not for loan Permanent location Current location Date acquired Source of acquisition Cost, normal purchase price Full call number Barcode Date last seen Cost, replacement price Price effective from Koha item type
        307_121600000000000_TAL   BMS College of Architecture, Design and Planning BMS College of Architecture, Design and Planning 2023-11-20 1 2693.25 307.12160 TAL AR-PG699 2023-11-20 3591.00 2023-11-20 PG Books
Copyright © 2025, The Librarian, Library and Information Centre, BMSCA D&P, Bengaluru. All Rights Reserved
web counter

Powered by Koha